|
|
|
|
| LEADER |
02280njm a2200565 i 4500 |
| 001 |
001818092 |
| 003 |
CZ BrMZK |
| 005 |
20220714091823.0 |
| 007 |
sd fungnnmmned |
| 008 |
220315t20182018xr munng f n cze |
| 015 |
|
|
|a cnb003402674
|
| 024 |
3 |
|
|a 8590233023683
|
| 028 |
0 |
1 |
|a MM-2018-1-2
|b Musical Media
|
| 040 |
|
|
|a BOA001
|b cze
|e rda
|
| 041 |
0 |
|
|d cze
|d eng
|
| 045 |
|
|
|a y1y1
|
| 047 |
|
|
|a mc
|a pp
|
| 072 |
|
7 |
|a 78.011.26
|x Populární hudba. Populární písně. Populární taneční hudba
|2 Konspekt
|9 9
|
| 080 |
|
|
|a 782.8
|2 MRF
|
| 080 |
|
|
|a 78.03.011.26
|2 MRF
|
| 080 |
|
|
|a 782
|2 MRF
|
| 080 |
|
|
|a (086.76)
|2 MRF
|
| 245 |
0 |
0 |
|a Jakub Hübner I.
|
| 246 |
3 |
0 |
|a I. - Jakub Hübner
|
| 264 |
|
1 |
|a [Praha] :
|b Musical Media,
|c [2018]
|
| 300 |
|
|
|a 1 CD audio (57:25) ;
|c 12 cm
|
| 306 |
|
|
|a 005725
|
| 336 |
|
|
|a hraná hudba
|b prm
|2 rdacontent
|
| 337 |
|
|
|a audio
|b s
|2 rdamedia
|
| 338 |
|
|
|a audiodisk
|b sd
|2 rdacarrier
|
| 344 |
|
|
|a digital
|b optical
|2 rda
|
| 347 |
|
|
|a audio soubor
|b CD audio
|2 rda
|
| 500 |
|
|
|a Název z disku
|
| 500 |
|
|
|a Fonogram u jednotlivých nahrávek: 2018 Musical Media, Český rozhlas (č. 1, 4, 10, 15)
|
| 500 |
|
|
|a Informace o interpretovi (22 stran) v pouzdře
|
| 505 |
0 |
0 |
|t Dám ti víc, než mám --
|t Zpověď --
|t Osud --
|t Žij touto chvílí --
|t Vzlétnu jak fénix --
|t Pořád se snaž --
|t Všechno, co mám --
|t Podzim --
|t Pro nás dál zní --
|t Sára --
|t Kolikrát --
|t Kdo jsi? --
|t About us --
|t Tichá píseň
|g (vpomínka na Ivetu Bartošovou) --
|t Jednoho dne se vrátíš
|g (vzpomínka na Věru Špinarovou)
|
| 511 |
0 |
|
|a Účinkuje Jakub Hübner (zpěv) a další
|
| 518 |
|
|
|o Nahráno
|d červen až listopad 2018
|p Praha
|
| 648 |
|
7 |
|a 2011-2020
|7 ch460589
|2 czenas
|
| 650 |
0 |
7 |
|a muzikály
|7 ph123058
|2 czenas
|
| 650 |
0 |
7 |
|a populární hudba
|7 ph124352
|y 2011-2020
|2 czenas
|
| 650 |
0 |
7 |
|a hudebně dramatická tvorba
|7 ph1063864
|2 czenas
|
| 655 |
|
7 |
|a muzikály
|7 fd979799
|2 czenas
|
| 655 |
|
7 |
|a populární hudba
|7 fd992599
|2 czenas
|
| 655 |
|
7 |
|a kompaktní disky
|7 fd201991
|2 czenas
|
| 700 |
1 |
|
|a Hübner, Jakub,
|d 1989-
|7 xx0198332
|4 sng
|
| 910 |
|
|
|a BOA001
|b CDR-1484.764
|
| 990 |
|
|
|a AV
|
| 991 |
|
|
|b 202207
|
| 996 |
6 |
|
|b 2610901167
|c CDR-1484.764
|l MZK
|r Sklad / do 24 hodin
|n 0
|p p.v.
|w 001885165
|u 000010
|a 1
|e BOA001
|j MZK50
|s P
|